Les raccourcis clavier Windows - Statistiques

Statistiques générales
  • Ce quiz a été pris 259 fois
    258 depuis la dernière actualisation
  • Le résultat moyen est 11 sur 35
Statistiques - réponses
Fonction Commande % Correct
Copier Ctrl C
100%
Coller Ctrl V
98%
Couper Ctrl X
87%
Annuler Ctrl Z
81%
Enregistrer Ctrl S
77%
Nouveau Ctrl N
66%
Ouvrir Ctrl O
64%
Imprimer Ctrl P
58%
Sélectionner tout Ctrl A
54%
Rétablir Ctrl Y
54%
Rechercher Ctrl F
44%
Enregistrer sous Ctrl Maj S
34%
Zoomer Ctrl +
32%
Dézoomer Ctrl -
32%
Fermer la fenêtre Alt F4
31%
Ouvrir un nouvel onglet Ctrl T
30%
Fermer l'onglet courant Ctrl W
29%
Afficher l'historique (navigateur) Ctrl H
23%
Actualiser Ctrl R
23%
Passer d'un programme ouvert à un autre Alt Tab
22%
Passer à l'onglet suivant Ctrl Tab
14%
Passer d'un programme à un autre (autre façon) Windows Tab
12%
Suivant Alt Droite
10%
Précédent Alt Gauche
10%
Passer sur le 2eme onglet (navigateur) Ctrl 2
10%
Passer à l'onglet précédent Ctrl Maj Tab
9%
Afficher le bureau Windows D
9%
Ouvrir le gestionnaire des taches de Windows Ctrl Maj Echap
8%
Inverser la sélection Ctrl I
7%
Ouvrir le 5eme programme dans la barre des taches Windows 5
7%
Veille Fn F1
3%
Agrandir une fenêtre Windows Haut
2%
Mettre toutes les fenêtres en raccourci Windows M
2%
Impression d'écran de la fenêtre courante uniquement Ctrl Alt Impression
1%
Rouvrir les fenêtres mises en raccourci Windows Alt M
1%
Aucun quiz correspondant
Distribution des résultats
% des personnes avec chaque résultat
Percentile par nombre de réponses
Votre historique - résultats
Vous n’avez pas pris ce quiz depuis la dernière actualisation